banner-ar

الفن والصناعة اسس التصميم الصناعى / (Record no. 37732)

MARC details
000 -الفاتح
حقل البيانات ثابتة الطول 00748nam a2200205Ia 4500
005 - وقت وتاريخ اخر تعامل مع التسجيلة
رقم الضبط 20240530103228.0
008 - عناصر البيانات ثابتة الطول - معلومات عامة
حقل البيانات ثابتة الطول 140319s9999 xx 000 0 ara d
040 ## - مصدر الفهرسة
وكالة الفهرسة الأصلية GCL /
وكالة النسخ GCL
082 04 - رقم تصنيف ديوى العشرى
رقم التصنيف 745.2
رقم المادة ر ف
100 1# - المدخل الرئيسى - إسم شخصى
الإسم الشخصى ريد، هربرت
245 10 - بيان العنوان
العنوان الفن والصناعة اسس التصميم الصناعى /
بيان المسئوليه,etc تاليف ريد، هربرت ؛ ترجمة فتح الباب عبدالحليم سيد ، محمد محمود يوسف
300 ## - الوصف المادى
التعداد 279 ص ؛
أبعاد الوعاء 24 سم
650 04 - المدخل الاضافى بالموضوع-مصطلح موضوعى
مصطلح موضوعي التصميم الهندسى
650 04 - المدخل الاضافى بالموضوع-مصطلح موضوعى
مصطلح موضوعي التصميم الصناعى
650 04 - المدخل الاضافى بالموضوع-مصطلح موضوعى
مصطلح موضوعي الفن والصناعة
700 1# - المدخل الاضافى - اسم شخصى
الإسم الشخصى فتح الباب عبدالحليم سيد
700 1# - المدخل الاضافى - اسم شخصى
الإسم الشخصى محمد محمود يوسف
942 ## - عناصر المدخل الإضافي( كوها)
مصدر التصنيف او مخطط الترفيف Dewey Decimal Classification
Koha [default] item type كتاب
Holdings
حالة التراجع حالة الفقد حالة تلف ليس للاعارة المكان المؤقت الموقع الحالى تاريخ الاكتساب اجمالي اﻻعارات رقم الطلب الباركود تاريخ اخر مشاهدة تاريخ تفعيل السعر نوع وعاء كوها
        مكتبة القاهرة الكبرى مكتبة القاهرة الكبرى 03/26/2014   745.2\ر ف 92131 03/26/2014 03/26/2014 كتاب
        مكتبة القاهرة الكبرى مكتبة القاهرة الكبرى 03/26/2014   745.2\ر ف 92132 03/26/2014 03/26/2014 كتاب
        مكتبة القاهرة الكبرى مكتبة القاهرة الكبرى 03/26/2014   745.2\ر ف 92133 03/26/2014 03/26/2014 كتاب

Powered By

EGPV